Statistics for Countries That Have Ever Bordered Turkey

Click here to take the quiz!

General Stats

  • This quiz has been taken 89 times
  • The average score is 11 of 14

Answer Stats

YearsCountry% Correct
1991-Armenia
100%
1923-1941
1945-
Greece
100%
1923-1941
1946-
Iran
100%
1991-Azerbaijan
99%
1923-1944
1945-
Bulgaria
99%
1991-Georgia
97%
1932-1941
1945-1958
1958-
Iraq
97%
1971-Syria
97%
1923-1991Soviet Union
92%
1923-1932United Kingdom
88%
1923-1946France
82%
1958-1971United Arab
Republic
32%
1938-1939Hatay
23%
1958Hashemite Arab
Federation
14%

Score Distribution

Percentile by Number Answered

Percent of People with Each Score

Your Score History

You have not taken this quiz